Psychology of organisational alienation / (Record no. 124705)

MARC details
000 -LEADER
fixed length control field 00866nam a22002417a 4500
005 - DATE AND TIME OF LATEST TRANSACTION
control field 20170124105943.0
010 ## - LIBRARY OF CONGRESS CONTROL NUMBER
LC control number B-181234
020 ## - INTERNATIONAL STANDARD BOOK NUMBER
Terms of availability 325.00
International Standard Book Number 818749882
035 ## - SYSTEM CONTROL NUMBER
System control number B-181234
037 ## - SOURCE OF ACQUISITION
Source of stock number/acquisition Cen Lib/Ret
040 ## - CATALOGING SOURCE
Original cataloging agency DPL
Language of cataloging EN
082 ## - DEWEY DECIMAL CLASSIFICATION NUMBER
Classification number 302.544
Item number JHA
100 ## - MAIN ENTRY--PERSONAL NAME
Personal name Jha, Praveen Kumar
9 (RLIN) 11674
245 ## - TITLE STATEMENT
Title Psychology of organisational alienation /
Statement of responsibility, etc by Praveen Kumar Jha [and] Ranjan Prasad
260 ## - PUBLICATION, DISTRIBUTION, ETC. (IMPRINT)
Place of publication, distribution, etc New Delhi
Name of publisher, distributor, etc Saloni Publishing House
Date of publication, distribution, etc 2004
270 ## - ADDRESS
Address 4675/21, Ansari Road, Darya Ganj
City New Delhi
Postal code 110002
300 ## - PHYSICAL DESCRIPTION
Extent xi,143p.
Dimensions 22cm(Hb)
500 ## - GENERAL NOTE
General note Includes bibliographic references and index
650 ## - SUBJECT ADDED ENTRY--TOPICAL TERM
Topical term or geographic name as entry element Psychology
9 (RLIN) 11675
650 ## - SUBJECT ADDED ENTRY--TOPICAL TERM
Topical term or geographic name as entry element Psychological studies
9 (RLIN) 8864
700 ## - ADDED ENTRY--PERSONAL NAME
Personal name Prasad, Rajan
9 (RLIN) 11676
942 ## - ADDED ENTRY ELEMENTS (KOHA)
Source of classification or shelving scheme Dewey Decimal Classification
Koha item type English Books
Classification part 302.544
Call number suffix JHA
Holdings
Withdrawn status Lost status Damaged status Not for loan Home library Current library Date acquired Source of acquisition Cost, normal purchase price Total Checkouts Full call number Barcode Date last seen Date checked out Copy number Cost, replacement price Price effective from Koha item type
        Central Library Central Library 18/06/2015 Cen Lib/Ret 325.00 1 302.544 JHA B-181234 21/07/2017 11/07/2017 1 325.00 18/06/2015 English Books

© Delhi Public Library
Hit Counter
free hit counter